00585nam a22001577a 4500020002200000084002600022100002100048245005600069250000900125260004900134300002000183650005300203942000700256999001700263952014700280 a978-623-8376-68-1 a173-0323 GUN His Bo.1 aI Ketut Gunawan  aEtnisitas dan Potensi Konflik di Ibu Kota Nusantara aKe-1 aSamarindabMulawarman University Pressc2025 ai-xii + 134 hlm aHistory (Sejarah)eH-I-SvSejarah Perjalanan IKN cBK c25500d25491 00104070aFUMLbFUMLcSHELFd2025-12-12l0o173-0324 GUN His Bo.1p173032401r2025-12-12w2025-12-12yBKzSumbangan Dari I Ketut Gunawan dkk